000 00869nam a2200205Ii 4500
003 JO-AjNU
008 230605s9999||||xx |||||||||||||| ||und||
017 _a2009/24790
040 _aJO-AjNU
_bara
_erda
_cJO-AjNU
041 _aara
050 1 4 _aTA636 2009
100 3 _aاحمد، عبدالرحمن مجاهد,
_eauthor
_951949
245 0 0 _aدليل المهندسين في خواص ومقاومة واختبار المواد وتحليل الانشاءات وتصميم العناصر والمنشات المدنية ج2 :الخرسانة العادية مكوناتها وخواصها
264 3 1 _aاسيوط: مطبعة المختار ،2009
300 _aج2، 424ص
336 _atext
_btxt
_2rdacontent
337 _aunmediated
_bn
_2rdamedia
338 _avolume
_bnc
_2rdacarrier
650 4 _aالمنشات المدنيه-تحليل-تصميم
_951950
999 _aA22983
_c26551
_d26551